Statystyki dla Angielsko języczne kraje

Kliknij tutaj aby rozwiązać quiz!

Ogólne statystyki

  • Ten quiz został rozwiązany 1 484 razy
  • Średni wynik to 7 z 17

Statystyki odpowiedzi

%Country% Poprawnych
92.1Wielka Brytania
98%
80.6Stany Zjednoczone
95%
56.9Kanada
87%
93.2Irlandia
83%
70.2Australia
79%
85.9Nowa Zelandia
66%
95.8Jamajka
28%
78.7Bahamy
22%
93.9Barbados
16%
63.1Belize
16%
78.0Saint Kitts i Nevis
15%
87.7Trynidad i Tobago
15%
90.9Grenada
14%
95.0Saint Vincent i Grenadyny
14%
77.6Antigua i Barbuda
13%
86.6Gujana
13%
92.2Nauru
11%

Rozkład punktacji

Percentyl według liczby udzielonych odpowiedzi

Procent ludzi z każdym wynikiem

Twoja historia wyników

Nie rozwiązałeś tego quizu